|
|
|
|
| LEADER |
02525nam a2200685 4500 |
| 001 |
ocn815474262 |
| 003 |
OCoLC |
| 005 |
20170124065940.6 |
| 006 |
m o d |
| 007 |
cr cnu---unuuu |
| 008 |
121011t20122013si a ob 001 0 eng d |
| 040 |
|
|
|a E7B
|b eng
|e pn
|c E7B
|d N$T
|d OCLCQ
|d YDXCP
|d TEFOD
|d OCLCQ
|d OCLCF
|d DEBBG
|d DG1
|d TEFOD
|d OCLCQ
|d AZK
|d GrThAP
|
| 019 |
|
|
|a 961496540
|a 962649807
|
| 020 |
|
|
|a 9781118360286
|q (electronic bk.)
|
| 020 |
|
|
|a 1118360281
|q (electronic bk.)
|
| 020 |
|
|
|a 9781118360262
|q (electronic bk.)
|
| 020 |
|
|
|a 1118360265
|q (electronic bk.)
|
| 020 |
|
|
|a 9781119199069
|q (electronic bk.)
|
| 020 |
|
|
|a 1119199069
|q (electronic bk.)
|
| 020 |
|
|
|z 9781118323175
|
| 029 |
1 |
|
|a CHNEW
|b 000600966
|
| 029 |
1 |
|
|a DEBBG
|b BV040870040
|
| 029 |
1 |
|
|a DEBBG
|b BV041051413
|
| 029 |
1 |
|
|a GBVCP
|b 800223497
|
| 029 |
1 |
|
|a NZ1
|b 14976729
|
| 029 |
1 |
|
|a DEBBG
|b BV043395154
|
| 035 |
|
|
|a (OCoLC)815474262
|z (OCoLC)961496540
|z (OCoLC)962649807
|
| 037 |
|
|
|a 515B4E57-265C-470C-BBB7-68519BD87BF5
|b OverDrive, Inc.
|n http://www.overdrive.com
|
| 043 |
|
|
|a a------
|
| 050 |
|
4 |
|a HG9154.85
|b .B563 2012eb
|
| 072 |
|
7 |
|a BUS
|x 033060
|2 bisacsh
|
| 082 |
0 |
4 |
|a 368.320095
|2 23
|
| 049 |
|
|
|a MAIN
|
| 100 |
1 |
|
|a Binder, Stephan,
|d 1967-
|
| 245 |
1 |
0 |
|a Life insurance in Asia :
|b sustaining growth in the next decade /
|c Stephan Binder, Joseph Luc Ngai.
|
| 264 |
|
1 |
|a Singapore ;
|a Hoboken, NJ :
|b Wiley,
|c [2012]
|
| 264 |
|
4 |
|c ©2013
|
| 300 |
|
|
|a 1 online resource (x, 239 pages :) :
|b illustrations.
|
| 336 |
|
|
|a text
|b txt
|2 rdacontent
|
| 337 |
|
|
|a computer
|b c
|2 rdamedia
|
| 338 |
|
|
|a online resource
|b cr
|2 rdacarrier
|
| 347 |
|
|
|a data file
|2 rda
|
| 380 |
|
|
|a Bibliography
|
| 490 |
1 |
|
|a Wiley finance
|
| 500 |
|
|
|a Previous edition published: Life insurance in Asia : winning in the next decade, 2009.
|
| 504 |
|
|
|a Includes bibliographical references and index.
|
| 588 |
0 |
|
|a Print version record.
|
| 650 |
|
0 |
|a Life insurance
|z Asia.
|
| 650 |
|
0 |
|a Insurance companies
|z Asia.
|
| 650 |
|
7 |
|a BUSINESS & ECONOMICS
|x Insurance
|x Life.
|2 bisacsh
|
| 650 |
|
7 |
|a Insurance companies.
|2 fast
|0 (OCoLC)fst00974664
|
| 650 |
|
7 |
|a Life insurance.
|2 fast
|0 (OCoLC)fst01715858
|
| 651 |
|
7 |
|a Asia.
|2 fast
|0 (OCoLC)fst01240495
|
| 655 |
|
4 |
|a Electronic books.
|
| 700 |
1 |
|
|a Ngai, Joseph Luc.
|
| 776 |
0 |
8 |
|i Print version:
|z 9781118323175
|
| 776 |
0 |
8 |
|i Print version:
|z 9781118360286
|
| 830 |
|
0 |
|a Wiley fiance series.
|
| 856 |
4 |
0 |
|u https://doi.org/10.1002/9781119199069
|z Full Text via HEAL-Link
|
| 994 |
|
|
|a 92
|b DG1
|